عرض عادي عرض مارك
  • Martínez, Ana,

مدخل إسم شخص

عدد التسجيلات المستخدمة في: 1

001 - رقم الضبط

  • حقل الضبط: 11889

003 - معرف رقم الضبط

  • حقل الضبط: OSt

005 - تاريخ ووقت أخر عملية

  • حقل الضبط: 20120423201734.0

008 - عناصر بيانات ثابتة الطول

  • حقل تحكم ثابت الطول: 120423|||a|||||| | ||| d

040 ## - مصدر الفهرسة

  • هيئة الفهرسة الأصلية: OSt
  • وكالة الكتابة: OSt

100 ## - مدخل -- أسم شخص

  • إسم شخص: Martínez, Ana,
  • تواريخ مرتبطة بالاسم: 1961-

670 ## - بيانات المصدر موجوده

  • الاستشهاد بالمصدر: Work cat.: (OSt)23803: Emerging drugs and targets for Alzheimer's disease /, c2010.